Club de foot jouant en orange - Mort subite - Statistiques

Statistiques générales
  • Ce quiz a été pris 281 fois
  • Le résultat moyen est 5 sur 16
Answers on the Grid
Answers color-coded by a green-red scale on the quiz's grid according to % correct below.
Laval
Wolves
Ajax
Blackpool
Brisbane Roar
Perth Glory
Dundee United
Cologne
Dundee FC
Ulsan
Hull City
Istanbul Basaksehir
Besiktas
Lorient
Burnley
Shakhtar Donetsk
Dynamo Houston
Dallas City
Volendam
Sao Paulo
Luton Town
Torpedo Moscou
Aalesunds
Fredrikstad
OH Louvain
Shandong Taishan
Tigres
Litex Lovech
Zilina
Orange County
Orlando Pirates
AS Monaco
 
Statistiques - réponses
Réponse % Correct
Laval
82%
Lorient
66%
Wolves
59%
Hull City
53%
Shakhtar Donetsk
52%
Blackpool
29%
Istanbul Basaksehir
29%
Luton Town
23%
Dundee United
20%
Orange County
18%
Brisbane Roar
13%
Dynamo Houston
11%
Volendam
11%
Aalesunds
5%
Shandong Taishan
5%
Litex Lovech
3%
Aucun quiz correspondant
Distribution des résultats
% des personnes avec chaque résultat
Percentile par nombre de réponses
Votre historique - résultats
Vous n’avez pas pris ce quiz